000 00908nam a2200289 i 4500
001 103584
003 ES-MaACL
005 20250829045054.0
007 t|
008 060418s1993 sp f |||| |dspa d
020 _a84-7880-315-7
080 _a32 González Márquez, Felipe
080 _a32 Guerra, Alfonso
080 _a329(460)
100 1 _aGuerra, Antonio.
_960484
245 1 0 _aGonzález-Guerra
_b: historia de un divorcio /
_cAntonio Guerra.
250 _a1ª ed.
260 _aMadrid :
_bTemas de Hoy,
_c1993.
300 _a253 p., [32] p. de lám. ;
_c23 cm.
490 1 _aGrandes temas ;
_v11
600 1 4 _aGonzález Márquez, Felipe,
_d1942-
_958780
600 1 4 _aGuerra, Alfonso,
_d1940-
_960479
610 2 4 _aPartido Socialista Obrero Español.
_96155
830 0 0 _aGrandes temas (Temas de Hoy)
_v11
_9237065
852 _aES-MaACL
_jC-56907
999 _c103584
_d103584